[Event "48. Torneo Villa de Mislata"]
[Site "Mislata ESP"]
[Date "2014.08.12"]
[Round "2.6"]
[White "Galiana Fernandez, Adrian"]
[Black "Montalban Galvez, Antoni"]
[Result "1/2-1/2"]
[WhiteElo "1889"]
[BlackElo "2203"]
[PlyCount "79"]
[EventDate "2014.08.11"]
[EventType "swiss"]
[EventRounds "9"]
[EventCountry "ESP"]
[Source "lmi"]
[SourceDate "2014.08.11"]

1. e4 c6 2. d4 d5 3. e5 Bf5 4. h4 h5 5. c4 e6 6. Nc3 Ne7 7. Bg5 Qb6 8. Qd2 Nd7
9. Nge2 Bg6 10. Ng3 Nf5 11. Nxf5 Bxf5 12. cxd5 cxd5 13. Bb5 a6 14. Ba4 Qa5 15.
O-O Bb4 16. Bc2 Bxc3 17. bxc3 Bxc2 18. Qxc2 Rc8 19. Rac1 O-O 20. Qe2 Rc6 21.
Qxh5 Qxa2 22. Rfe1 f6 23. exf6 Nxf6 24. Bxf6 Rxf6 25. Re2 Qa3 26. Rce1 Qxc3 27.
Qg4 a5 28. Rxe6 Rcxe6 29. Rxe6 Qc1+ 30. Kh2 Qf4+ 31. Qxf4 Rxf4 32. Rb6 Rxh4+
33. Kg3 Rxd4 34. Rxb7 a4 35. Ra7 Rd3+ 36. Kf4 a3 37. f3 Kh7 38. Ra6 Kg8 39. Ke5
Kf7 40. f4 1/2-1/2

[Event "48. Torneo Villa de Mislata"]
[Site "Mislata ESP"]
[Date "2014.08.12"]
[Round "2.7"]
[White "Garriga Cazorla, Pere"]
[Black "Alonso Moyano, Jonathan"]
[Result "1/2-1/2"]
[WhiteElo "2196"]
[BlackElo "2408"]
[PlyCount "122"]
[EventDate "2014.08.11"]
[EventType "swiss"]
[EventRounds "9"]
[EventCountry "ESP"]
[Source "lmi"]
[SourceDate "2014.08.11"]

1. d4 f5 2. g3 Nf6 3. Bg2 g6 4. Nf3 Bg7 5. O-O O-O 6. c4 d6 7. Nc3 e6 8. Qd3
Nc6 9. Rb1 e5 10. dxe5 dxe5 11. Qxd8 Rxd8 12. e4 Nd4 13. Bg5 Nxf3+ 14. Bxf3 c6
15. Rbd1 Be6 16. b3 Kf7 17. Be3 a6 18. Bb6 Rxd1 19. Rxd1 Nd7 20. Be3 f4 21. Bc1
g5 22. Be2 Bf8 23. Kg2 b5 24. Bb2 Nb6 25. Nb1 bxc4 26. Bxe5 cxb3 27. axb3 Bxb3
28. Rc1 Nd7 29. Bc7 fxg3 30. hxg3 Nc5 31. Nd2 Ba4 32. Bb6 Nd7 33. Bc4+ Kg6 34.
Ba5 Ne5 35. Be6 Bb5 36. Rh1 h6 37. f4 Kf6 38. Ba2 gxf4 39. gxf4 Nd3 40. Bc3+
Ke7 41. Kf3 Ke8 42. e5 Rd8 43. Ne4 c5 44. Nf6+ Ke7 45. Bd5 Nb4 46. Be4 Bc6 47.
Bxb4 Bxe4+ 48. Kxe4 cxb4 49. Nd5+ Kd7 50. f5 Kc6 51. Rc1+ Kb5 52. e6 a5 53. f6
b3 54. e7 Bxe7 55. fxe7 Rh8 56. Rf1 Kc4 57. Rf8 b2 58. Ne3+ Kc5 59. Rxh8 b1=Q+
60. Kf4 Qb4+ 61. Kf5 Qb1+ 1/2-1/2

[Event "48. Torneo Villa de Mislata"]
[Site "Mislata ESP"]
[Date "2014.08.12"]
[Round "2.8"]
[White "Diaz Velandia, Jose Manuel"]
[Black "Nieves Cabanes, Jose Manuel"]
[Result "1-0"]
[WhiteElo "2311"]
[BlackElo "2091"]
[PlyCount "127"]
[EventDate "2014.08.11"]
[EventType "swiss"]
[EventRounds "9"]
[EventCountry "ESP"]
[Source "lmi"]
[SourceDate "2014.08.11"]

1. d4 Nf6 2. Nf3 e6 3. e3 b6 4. Bd3 Bb7 5. O-O c5 6. c3 cxd4 7. exd4 Be7 8. Re1
O-O 9. Nbd2 d6 10. Nf1 Nbd7 11. Ng3 a6 12. Bd2 Re8 13. Ng5 Nf8 14. f4 g6 15.
Qe2 Qd7 16. h3 b5 17. b3 Rac8 18. a4 Bc6 19. axb5 axb5 20. Ra6 Rb8 21. Rea1 Rb7
22. Nf3 Reb8 23. Ne1 Nd5 24. Nc2 Bf6 25. c4 bxc4 26. bxc4 Nc7 27. R6a3 d5 28.
c5 Nb5 29. Bxb5 Bxb5 30. Qd1 Bc4 31. Bc3 Qc7 32. Qd2 Rb1+ 33. Kh2 Bh4 34. Ba5
Qc8 35. Rxb1 Rxb1 36. Ne3 Ba6 37. Bc3 Rb8 38. Ng4 h5 39. Ne5 Bb7 40. Rb3 Ra8
41. Qb2 Ba6 42. Be1 Be7 43. Ne2 Nd7 44. Nxd7 Qxd7 45. Ng1 Qc7 46. Qc1 Bc4 47.
Rb2 Rb8 48. Rxb8+ Qxb8 49. Nf3 Bf6 50. Bg3 Qa8 51. Bh4 Bg7 52. Be7 Qa4 53. Qb2
Bb5 54. Bd6 Qa6 55. Be5 Bh6 56. Ne1 f6 57. Bd6 Qa5 58. Nf3 Qa6 59. Qb1 Kf7 60.
Nh4 f5 61. Nf3 Kf6 62. Qe1 Kf7 63. Ne5+ Kf6 64. Qh4+ 1-0

[Event "48. Torneo Villa de Mislata"]
[Site "Mislata ESP"]
[Date "2014.08.12"]
[Round "2.9"]
[White "Cabero Feliciano, Guillermo"]
[Black "Perez Manas, Benjamin"]
[Result "1/2-1/2"]
[WhiteElo "2090"]
[BlackElo "2290"]
[PlyCount "71"]
[EventDate "2014.08.11"]
[EventType "swiss"]
[EventRounds "9"]
[EventCountry "ESP"]
[Source "lmi"]
[SourceDate "2014.08.11"]

1. e4 c6 2. d4 d5 3. e5 Bf5 4. Nf3 e6 5. Be2 Nd7 6. a3 Ne7 7. Nbd2 Bg6 8. Nh4
c5 9. Nxg6 hxg6 10. dxc5 Nc6 11. b4 Ndxe5 12. Bb2 a6 13. f4 Nd7 14. c4 Nf6 15.
Bf3 Be7 16. Qe2 O-O 17. Rd1 Qc7 18. cxd5 Nxd5 19. Bxd5 exd5 20. O-O Bf6 21.
Bxf6 gxf6 22. f5 Kg7 23. Nf3 Rad8 24. Qb2 Rh8 25. fxg6 fxg6 26. h3 Rhe8 27. Qf2
Qf4 28. Nd4 Nxd4 29. Rxd4 Qxf2+ 30. Kxf2 Re5 31. Rfd1 Rd7 32. a4 Kf7 33. b5
axb5 34. axb5 Ke6 35. Rc1 Rc7 36. Rc3 1/2-1/2

[Event "48. Torneo Villa de Mislata"]
[Site "Mislata ESP"]
[Date "2014.08.12"]
[Round "2.10"]
[White "Sanchez Barbado, Carlos"]
[Black "Hassomal Daswani, Birjkumar"]
[Result "1-0"]
[WhiteElo "2249"]
[BlackElo "2106"]
[PlyCount "97"]
[EventDate "2014.08.11"]
[EventType "swiss"]
[EventRounds "9"]
[EventCountry "ESP"]
[Source "lmi"]
[SourceDate "2014.08.11"]

1. e4 e6 2. d4 d5 3. Nd2 c5 4. Ngf3 cxd4 5. exd5 exd5 6. Nxd4 Nf6 7. Bb5+ Bd7
8. Bxd7+ Qxd7 9. O-O Be7 10. N2b3 O-O 11. Bg5 Nc6 12. c3 Rfe8 13. Qf3 Ne5 14.
Qf5 Ng6 15. Bxf6 Qxf5 16. Nxf5 Bxf6 17. Ne3 Rad8 18. Rad1 Ne7 19. Rd3 Rd6 20.
Rfd1 Red8 21. Nc5 Rb6 22. b4 Kf8 23. Nxd5 Nxd5 24. Rxd5 Rxd5 25. Rxd5 Ke7 26.
Rd3 a5 27. a3 axb4 28. cxb4 Rd6 29. Rxd6 Kxd6 30. Nxb7+ Kc6 31. Nc5 Kb5 32. Kf1
Bb2 33. a4+ Kc4 34. a5 Be5 35. Ke2 Bc7 36. Nd3 f5 37. h4 g6 38. Ke3 Bb8 39. f4
Ba7+ 40. Ke2 Bb8 41. Ne5+ Kb5 42. Kd3 Bd6 43. a6 Bb8 44. Nd7 Ba7 45. Nf8 Kxa6
46. Nxh7 Bf2 47. Nf8 Bxh4 48. Nxg6 Bf6 49. Kc4 1-0

[Event "48. Torneo Villa de Mislata"]
[Site "Mislata ESP"]
[Date "2014.08.12"]
[Round "2.11"]
[White "Nieves Cabanes, Javier"]
[Black "Pena Riasco, Alexander"]
[Result "1-0"]
[WhiteElo "2074"]
[BlackElo "2242"]
[PlyCount "77"]
[EventDate "2014.08.11"]
[EventType "swiss"]
[EventRounds "9"]
[EventCountry "ESP"]
[Source "lmi"]
[SourceDate "2014.08.11"]

1. d4 d5 2. c4 c6 3. Nf3 Nf6 4. Qc2 g6 5. Bf4 Bg7 6. e3 O-O 7. Nc3 Nbd7 8. h3
dxc4 9. Bxc4 Nb6 10. Be2 Nbd5 11. Be5 Bf5 12. Qd2 Nxc3 13. bxc3 Ne4 14. Qb2 Qa5
15. Bxg7 Kxg7 16. Rc1 Qc7 17. O-O f6 18. c4 Nd6 19. Nd2 Rad8 20. Rfd1 h5 21.
Bf3 h4 22. e4 Bd7 23. Nb3 Nf7 24. Qe2 Ng5 25. Qe3 a5 26. Nc5 b6 27. Na4 Rb8 28.
c5 b5 29. Nb6 Be6 30. d5 Bg8 31. Be2 Bf7 32. f4 Nh7 33. Bf3 g5 34. f5 Be8 35.
Qc3 a4 36. dxc6 Bxc6 37. Nd5 Qa7 38. Rd3 Rb7 39. Nb4 1-0

[Event "48. Torneo Villa de Mislata"]
[Site "Mislata ESP"]
[Date "2014.08.12"]
[Round "2.12"]
[White "Romero Calduch, Sergio"]
[Black "Garrido Olivares, Ricard"]
[Result "1/2-1/2"]
[WhiteElo "2104"]
[BlackElo "2228"]
[PlyCount "44"]
[EventDate "2014.08.11"]
[EventType "swiss"]
[EventRounds "9"]
[EventCountry "ESP"]
[Source "lmi"]
[SourceDate "2014.08.11"]

1. d4 d5 2. c4 e6 3. Nc3 c5 4. e3 Nf6 5. cxd5 exd5 6. Nf3 Nc6 7. Be2 cxd4 8.
Nxd4 Bd6 9. O-O O-O 10. a3 Re8 11. b4 Qe7 12. Bb2 Qe5 13. Nf3 Qh5 14. Nb5 Bb8
15. Bxf6 gxf6 16. Nbd4 Nxd4 17. Qxd4 Bg4 18. h3 Bxh3 19. gxh3 Re4 20. Qxf6 Rg4+
21. hxg4 Qxg4+ 22. Kh1 Qh3+ 1/2-1/2

[Event "48. Torneo Villa de Mislata"]
[Site "Mislata ESP"]
[Date "2014.08.12"]
[Round "2.13"]
[White "Jordan Arenas, Manuel"]
[Black "Gomez Sanjuan, Hector Fernando"]
[Result "1-0"]
[WhiteElo "2148"]
[BlackElo "1812"]
[PlyCount "73"]
[EventDate "2014.08.11"]
[EventType "swiss"]
[EventRounds "9"]
[EventCountry "ESP"]
[Source "lmi"]
[SourceDate "2014.08.11"]

1. d4 Nf6 2. c4 c5 3. d5 b5 4. cxb5 a6 5. bxa6 g6 6. Nc3 Bxa6 7. e4 Bxf1 8.
Kxf1 d6 9. g3 Bg7 10. Kg2 Nbd7 11. Nf3 O-O 12. a4 Qa5 13. Qc2 Rfb8 14. Bd2 Ng4
15. Nb5 Qb6 16. Bc3 Nge5 17. Nd2 Qb7 18. h3 Nb6 19. b3 c4 20. f4 cxb3 21. Qxb3
Ned7 22. Bxg7 Kxg7 23. Rhb1 Nc5 24. Qc3+ Kg8 25. a5 Nxd5 26. exd5 Qxd5+ 27. Kh2
Ne4 28. Nxe4 Rxb5 29. Rxb5 Qxb5 30. Nf2 d5 31. a6 d4 32. Qxd4 Rxa6 33. Rxa6
Qxa6 34. Qd8+ Kg7 35. Qxe7 Qf1 36. Qe3 Qa1 37. Qe5+ 1-0

[Event "48. Torneo Villa de Mislata"]
[Site "Mislata ESP"]
[Date "2014.08.12"]
[Round "2.14"]
[White "Gimenez Menchon, Cesar"]
[Black "Garcia Martin, Marta"]
[Result "1-0"]
[WhiteElo "2132"]
[BlackElo "1929"]
[PlyCount "101"]
[EventDate "2014.08.11"]
[EventType "swiss"]
[EventRounds "9"]
[EventCountry "ESP"]
[Source "lmi"]
[SourceDate "2014.08.11"]

1. e4 e5 2. Nf3 Nc6 3. Bc4 Bc5 4. c3 Nf6 5. d3 a6 6. O-O Ba7 7. Re1 d6 8. Bb3
h6 9. Nbd2 O-O 10. Nf1 Re8 11. Ng3 Be6 12. Bxe6 Rxe6 13. d4 Re8 14. d5 Ne7 15.
Nh4 Qd7 16. Qf3 Qg4 17. Nhf5 Qxf3 18. gxf3 Ng6 19. Bd2 Kh7 20. c4 Rac8 21. b4
Nf4 22. Bxf4 exf4 23. Ne2 Nd7 24. Rec1 Ne5 25. Rc3 g6 26. Nfd4 c5 27. bxc5 Bxc5
28. Rb1 Re7 29. Rcb3 Rcc7 30. Rc1 Rc8 31. Kg2 Rec7 32. Rcb1 Bxd4 33. Nxd4 Rxc4
34. Ne2 b5 35. Nxf4 Ra4 36. a3 Rc2 37. Nd3 Nc4 38. Nb4 Rd2 39. Kf1 Rxa3 40.
Rxa3 Nxa3 41. Ra1 Nc4 42. Rxa6 Rb2 43. Nc6 Kg7 44. Ra7 Kf6 45. Nd8 b4 46. Rxf7+
Kg5 47. Ne6+ Kh5 48. Kg2 Ne3+ 49. Kg3 Nf1+ 50. Kh3 g5 51. Rf6 1-0

[Event "48. Torneo Villa de Mislata"]
[Site "Mislata ESP"]
[Date "2014.08.12"]
[Round "2.15"]
[White "Diaz Benitez, Ricardo"]
[Black "Ferrer Moreno, Jose"]
[Result "0-1"]
[WhiteElo "2008"]
[BlackElo "2135"]
[PlyCount "68"]
[EventDate "2014.08.11"]
[EventType "swiss"]
[EventRounds "9"]
[EventCountry "ESP"]
[Source "lmi"]
[SourceDate "2014.08.11"]

1. d4 d5 2. Bf4 Nf6 3. e3 c5 4. c3 Nc6 5. Nd2 Qb6 6. Qb1 g6 7. Bd3 Nh5 8. Bg5
cxd4 9. exd4 Bg7 10. Ngf3 O-O 11. O-O f5 12. Re1 e6 13. Ne5 h6 14. Nxc6 hxg5
15. Ne5 Nf4 16. Bf1 g4 17. g3 Bxe5 18. Rxe5 Nh5 19. f3 Nf6 20. fxg4 Nxg4 21.
Re1 e5 22. Nb3 e4 23. Be2 f4 24. gxf4 Rxf4 25. Rf1 Qf6 26. Qc1 g5 27. c4 Qh6
28. Bxg4 Bxg4 29. Rxf4 gxf4 30. cxd5 Bf3 31. Qc2 Kh8 32. Kf1 Rg8 33. d6 Qh3+
34. Ke1 e3 0-1

[Event "48. Torneo Villa de Mislata"]
[Site "Mislata ESP"]
[Date "2014.08.12"]
[Round "2.16"]
[White "Marquinez Cabrejas, Francisco"]
[Black "Moreto Quintana, Alex"]
[Result "0-1"]
[WhiteElo "1993"]
[BlackElo "2132"]
[PlyCount "72"]
[EventDate "2014.08.11"]
[EventType "swiss"]
[EventRounds "9"]
[EventCountry "ESP"]
[Source "lmi"]
[SourceDate "2014.08.11"]

1. e4 d5 2. d3 e5 3. Nc3 Bb4 4. exd5 Ne7 5. Bd2 Nxd5 6. Nxd5 Bxd2+ 7. Qxd2 Qxd5
8. Ne2 Bg4 9. Nc3 Qe6 10. h3 Bf5 11. g4 Bg6 12. O-O-O Nc6 13. f4 f5 14. gxf5
Bxf5 15. Bg2 O-O-O 16. Bxc6 Qxc6 17. fxe5 Rhe8 18. Qf4 Qe6 19. Rde1 Bxh3 20.
Qe3 Bf5 21. Qxa7 Qc6 22. Rhg1 b6 23. Kb1 g6 24. Ref1 h5 25. Qa3 h4 26. Qb4 h3
27. Qf4 Rh8 28. Rf2 Rhg8 29. d4 Be6 30. Rh2 g5 31. Qd2 Bf5 32. d5 Qg6 33. d6 g4
34. Qd5 Kb8 35. dxc7+ Kxc7 36. Nb5+ Kb8 0-1

[Event "48. Torneo Villa de Mislata"]
[Site "Mislata ESP"]
[Date "2014.08.12"]
[Round "2.17"]
[White "Guillem Mora, Carlos"]
[Black "Aymerich Rosell, Pablo"]
[Result "0-1"]
[WhiteElo "1951"]
[BlackElo "2125"]
[PlyCount "68"]
[EventDate "2014.08.11"]
[EventType "swiss"]
[EventRounds "9"]
[EventCountry "ESP"]
[Source "lmi"]
[SourceDate "2014.08.11"]

1. d4 e6 2. Bf4 c5 3. e3 Qb6 4. Nc3 Nf6 5. Nf3 Nc6 6. Be2 cxd4 7. exd4 Be7 8.
a3 O-O 9. O-O d6 10. Na4 Qd8 11. c4 Bd7 12. Nc3 Rc8 13. b3 a6 14. Qd3 Na5 15.
Nd2 b5 16. cxb5 axb5 17. Nxb5 Nd5 18. Be3 f5 19. Nb1 Bxb5 20. Qxb5 Rb8 21. Qa4
Nxb3 22. Ra2 f4 23. Bc1 Nxc1 24. Rxc1 f3 25. Bxf3 Rxf3 26. gxf3 Bg5 27. Re1 Bf4
28. Qa7 Qg5+ 29. Kh1 Rb3 30. Rc2 Ne7 31. Qd7 Qf6 32. Rc7 Kf7 33. Nc3 Rxc3 34.
Rxc3 Qh6 0-1

[Event "48. Torneo Villa de Mislata"]
[Site "Mislata ESP"]
[Date "2014.08.12"]
[Round "2.18"]
[White "Gonzalez Aguirre, Luis"]
[Black "Redondo Flores, David"]
[Result "0-1"]
[WhiteElo "2118"]
[BlackElo "1983"]
[PlyCount "42"]
[EventDate "2014.08.11"]
[EventType "swiss"]
[EventRounds "9"]
[EventCountry "ESP"]
[Source "lmi"]
[SourceDate "2014.08.11"]

1. d4 g6 2. Nf3 Bg7 3. c4 f5 4. Nc3 Nf6 5. g3 O-O 6. Bg2 d6 7. O-O Nc6 8. d5
Ne5 9. Nd2 e6 10. Qc2 Qe7 11. b3 Bd7 12. Bb2 c6 13. Rae1 Nh5 14. e3 Rac8 15.
dxe6 Bxe6 16. Ne2 d5 17. c5 Rce8 18. Nf4 Nxf4 19. gxf4 Nd7 20. Bxg7 Qxg7 21.
Nf3 Bf7 0-1

[Event "48. Torneo Villa de Mislata"]
[Site "Mislata ESP"]
[Date "2014.08.12"]
[Round "2.19"]
[White "Nieto Tornero, Jose"]
[Black "Fernandez Ayuso, Sergio"]
[Result "1/2-1/2"]
[WhiteElo "1914"]
[BlackElo "2084"]
[PlyCount "118"]
[EventDate "2014.08.11"]
[EventType "swiss"]
[EventRounds "9"]
[EventCountry "ESP"]
[Source "lmi"]
[SourceDate "2014.08.11"]

1. e4 e6 2. d4 d5 3. Nd2 c5 4. exd5 exd5 5. dxc5 Bxc5 6. Nb3 Bd6 7. c3 Ne7 8.
Bd3 Nbc6 9. f4 Qc7 10. Qf3 h5 11. h3 Bd7 12. Be3 O-O-O 13. O-O-O Kb8 14. g3 h4
15. g4 d4 16. Nxd4 Nxd4 17. Bxd4 Bxf4+ 18. Kb1 f6 19. Ne2 Bd6 20. Qf2 Nc6 21.
Be3 b6 22. Nf4 Ne7 23. Be4 Bc6 24. Bxc6 Qxc6 25. Rhe1 Ka8 26. Bc1 Bxf4 27.
Rxd8+ Rxd8 28. Qxf4 Ng6 29. Qf5 Ne5 30. g5 Qf3 31. Rxe5 Qxf5+ 32. Rxf5 Rd3 33.
gxf6 gxf6 34. Rxf6 Rxh3 35. Rf2 Kb7 36. Bf4 Rh1+ 37. Kc2 h3 38. Bh2 Kc6 39. Kd3
a5 40. Ke3 a4 41. Kd4 a3 42. bxa3 Kb5 43. c4+ Ka4 44. Kd5 Rd1+ 45. Kc6 Rc1 46.
Bd6 Rxc4+ 47. Kxb6 Rd4 48. Bb4 Rg4 49. Rh2 Rg2 50. Rxh3 Rg3 51. Rh7 Rg7 52. Rh8
Rg8 53. Rh4 Rg4 54. Rh1 Rg1 55. Rh8 Rg8 56. Rh2 Rg2 57. Rh4 Rg4 58. Rh8 Rg8 59.
Rh4 Rg4 1/2-1/2

[Event "48. Torneo Villa de Mislata"]
[Site "Mislata ESP"]
[Date "2014.08.12"]
[Round "3.1"]
[White "Antoli Royo, Joaquin Miguel"]
[Black "Uran Bermudez, Oliver Kevin"]
[Result "1-0"]
[WhiteElo "2428"]
[BlackElo "2130"]
[PlyCount "87"]
[EventDate "2014.08.11"]
[EventType "swiss"]
[EventRounds "9"]
[EventCountry "ESP"]
[Source "lmi"]
[SourceDate "2014.08.11"]

1. e4 c5 2. Nf3 e6 3. d4 cxd4 4. Nxd4 Nc6 5. Nc3 Qc7 6. Be2 a6 7. O-O Nf6 8.
Be3 Be7 9. f4 d6 10. Kh1 Nxd4 11. Qxd4 e5 12. Qd3 Bd7 13. Rad1 Bc6 14. fxe5
dxe5 15. Nd5 Bxd5 16. exd5 Rd8 17. Qb3 Rc8 18. Bg5 Rd8 19. Be3 Rc8 20. c4 O-O
21. Bb6 Qb8 22. Qh3 Qd6 23. Be3 Rfd8 24. c5 Rxc5 25. Bxc5 Qxc5 26. Rc1 Qd4 27.
Rc8 Qxb2 28. Rxd8+ Bxd8 29. Bd3 e4 30. Bxe4 Nxe4 31. Qd7 Nf2+ 32. Kg1 Nh3+ 33.
Qxh3 Qd4+ 34. Kh1 Qxd5 35. Qg4 Qe6 36. Rd1 Bf6 37. Qxe6 fxe6 38. Rd7 b5 39. Ra7
Bd4 40. Rxa6 Kf7 41. g3 e5 42. Kg2 e4 43. Kf1 h5 44. Ra5 1-0

[Event "48. Torneo Villa de Mislata"]
[Site "Mislata ESP"]
[Date "2014.08.12"]
[Round "3.2"]
[White "Ribera Cebolla, Marc"]
[Black "Ramiro Ovejero, Juan Luis"]
[Result "1-0"]
[WhiteElo "2059"]
[BlackElo "2364"]
[PlyCount "93"]
[EventDate "2014.08.11"]
[EventType "swiss"]
[EventRounds "9"]
[EventCountry "ESP"]
[Source "lmi"]
[SourceDate "2014.08.11"]

1. e4 c5 2. Nf3 e6 3. d4 cxd4 4. Nxd4 Nc6 5. Nc3 Qc7 6. Be3 a6 7. Qd2 Nf6 8. f3
Be7 9. g4 O-O 10. O-O-O b5 11. g5 Nh5 12. Nce2 Rd8 13. f4 Bb7 14. Bg2 g6 15.
Bf3 e5 16. Nf5 gxf5 17. Bxh5 Nb4 18. Nc3 Qc4 19. Kb1 Bxe4 20. fxe5 Bxc2+ 21.
Ka1 f4 22. Bxf4 Bf5 23. b3 Qc6 24. Rc1 Nd3 25. Rhf1 Nxc1 26. Bf3 Qc5 27. Rxc1
Rac8 28. Bb7 Rc7 29. Bxa6 Qa3 30. Nd5 Bb4 31. Qd1 Ra7 32. Qd4 Rxa6 33. Nxb4
Raa8 34. g6 hxg6 35. Bh6 Be6 36. Qh4 Qxb3 37. Qxd8+ Kh7 38. Qxa8 Qxb4 39. Be3
d5 40. exd6 Qxd6 41. Qe4 Qa3 42. Qh4+ Kg8 43. Qf2 b4 44. Rd1 f6 45. Bd4 Qa4 46.
Qe2 Bxa2 47. Qxa2+ 1-0

[Event "48. Torneo Villa de Mislata"]
[Site "Mislata ESP"]
[Date "2014.08.12"]
[Round "3.4"]
[White "Jordan Arenas, Manuel"]
[Black "Sanchez Barbado, Carlos"]
[Result "1-0"]
[WhiteElo "2148"]
[BlackElo "2249"]
[PlyCount "75"]
[EventDate "2014.08.11"]
[EventType "swiss"]
[EventRounds "9"]
[EventCountry "ESP"]
[Source "lmi"]
[SourceDate "2014.08.11"]

1. d4 f5 2. Nf3 e6 3. Bf4 Nf6 4. e3 b6 5. Be2 Bb7 6. O-O Be7 7. c4 O-O 8. Nc3
Ne4 9. Nxe4 fxe4 10. Nd2 d5 11. Bg4 Rf6 12. b4 Nd7 13. Qb3 Kh8 14. Rfc1 c6 15.
f3 exf3 16. Nxf3 Qf8 17. cxd5 cxd5 18. Rc7 Bc8 19. Bxe6 Nc5 20. bxc5 Bxe6 21.
cxb6 axb6 22. Rac1 h6 23. Rb7 Bd8 24. Ne5 Bc8 25. Nd7 Qe7 26. Nxf6 Bxb7 27. Ng4
Ra3 28. Qc2 Qe4 29. Qf2 Kh7 30. h3 h5 31. Ne5 Ra8 32. Nf7 Be7 33. Rc7 Bc8 34.
Be5 Bh4 35. Ng5+ Bxg5 36. Rxg7+ Kh6 37. Rxg5 Qb1+ 38. Kh2 1-0

[Event "48. Torneo Villa de Mislata"]
[Site "Mislata ESP"]
[Date "2014.08.12"]
[Round "3.5"]
[White "Gimenez Menchon, Cesar"]
[Black "Garriga Cazorla, Pere"]
[Result "1-0"]
[WhiteElo "2132"]
[BlackElo "2196"]
[PlyCount "81"]
[EventDate "2014.08.11"]
[EventType "swiss"]
[EventRounds "9"]
[EventCountry "ESP"]
[Source "lmi"]
[SourceDate "2014.08.11"]

1. e4 c5 2. Nf3 d6 3. Bb5+ Nd7 4. d4 cxd4 5. Qxd4 a6 6. Bxd7+ Bxd7 7. Nc3 e5 8.
Qd3 h6 9. Be3 Nf6 10. h3 Be7 11. O-O b5 12. a4 b4 13. Nd5 Nxd5 14. Qxd5 Qc8 15.
Nd2 O-O 16. Rfc1 Bc6 17. Qb3 Qb7 18. c4 Bxe4 19. Nxe4 Qxe4 20. Qxb4 f5 21. Qd2
Kh8 22. Qd5 Qh4 23. f3 Rab8 24. Rab1 Qf6 25. b4 e4 26. fxe4 f4 27. Rf1 Qc3 28.
Bd2 Qa3 29. Rxf4 Rxf4 30. Bxf4 Rxb4 31. Rxb4 Qxb4 32. Qa8+ Kh7 33. Qxa6 Qe1+
34. Kh2 Qxe4 35. Bxd6 Bf6 36. Qb5 Bd4 37. c5 Kh8 38. Qf1 Qc6 39. a5 Bxc5 40.
Qf8+ Kh7 41. Qf5+ 1-0

[Event "48. Torneo Villa de Mislata"]
[Site "Mislata ESP"]
[Date "2014.08.12"]
[Round "3.6"]
[White "Ugalde Ezcurra, Jose Miguel"]
[Black "Galiana Fernandez, Adrian"]
[Result "1/2-1/2"]
[WhiteElo "2155"]
[BlackElo "1889"]
[PlyCount "51"]
[EventDate "2014.08.11"]
[EventType "swiss"]
[EventRounds "9"]
[EventCountry "ESP"]
[Source "lmi"]
[SourceDate "2014.08.11"]

1. e4 c5 2. Nc3 e6 3. Nf3 Nc6 4. d4 cxd4 5. Nxd4 Nf6 6. Ndb5 Bb4 7. a3 Bxc3+ 8.
Nxc3 d5 9. exd5 exd5 10. Bd3 O-O 11. O-O d4 12. Ne2 Re8 13. Bg5 Qd6 14. c3 Ng4
15. Bf4 Qf6 16. h3 Nge5 17. Bxe5 Nxe5 18. Nxd4 Bxh3 19. gxh3 Qg5+ 20. Kh1 Qh4
21. Bf5 g6 22. Nf3 Nxf3 23. Qxf3 gxf5 24. Qxf5 Qe4+ 25. Qxe4 Rxe4 26. Rfe1
1/2-1/2

[Event "48. Torneo Villa de Mislata"]
[Site "Mislata ESP"]
[Date "2014.08.12"]
[Round "3.7"]
[White "Castella Garcia, Fausto"]
[Black "Nieves Cabanes, Javier"]
[Result "1-0"]
[WhiteElo "2335"]
[BlackElo "2074"]
[PlyCount "75"]
[EventDate "2014.08.11"]
[EventType "swiss"]
[EventRounds "9"]
[EventCountry "ESP"]
[Source "lmi"]
[SourceDate "2014.08.11"]

1. e4 c5 2. Nf3 e6 3. Nc3 Nc6 4. Bb5 Nge7 5. O-O a6 6. Bxc6 Nxc6 7. d4 cxd4 8.
Nxd4 Qc7 9. Re1 Bd6 10. Nxc6 dxc6 11. f4 e5 12. f5 Bc5+ 13. Be3 Bxe3+ 14. Rxe3
f6 15. Qh5+ Qf7 16. Qxf7+ Kxf7 17. Rd1 Ke7 18. Na4 b5 19. Nc5 Ra7 20. Red3 a5
21. Kf2 g6 22. g4 h5 23. h3 hxg4 24. hxg4 gxf5 25. exf5 Rh2+ 26. Kg3 Rxc2 27.
Rh1 Kf8 28. Rd8+ Ke7 29. Rxc8 Kd6 30. Ne4+ Kd5 31. Nxf6+ Kd4 32. Rd1+ Ke3 33.
Re1+ Kd2 34. Rxe5 Rxb2 35. Rxc6 b4 36. Rd5+ Ke2 37. Re6+ Kf1 38. Rd1# 1-0

[Event "48. Torneo Villa de Mislata"]
[Site "Mislata ESP"]
[Date "2014.08.12"]
[Round "3.8"]
[White "Alonso Moyano, Jonathan"]
[Black "Laliena Solanes, Luis"]
[Result "1-0"]
[WhiteElo "2408"]
[BlackElo "2139"]
[PlyCount "96"]
[EventDate "2014.08.11"]
[EventType "swiss"]
[EventRounds "9"]
[EventCountry "ESP"]
[Source "lmi"]
[SourceDate "2014.08.11"]

1. e4 d5 2. exd5 Qxd5 3. Nc3 Qd6 4. d4 Nf6 5. Bd3 Nc6 6. Nge2 e5 7. O-O Nxd4 8.
Nxd4 Qxd4 9. Nb5 Qd8 10. Re1 Bd6 11. Nxd6+ cxd6 12. Bb5+ Ke7 13. b3 a6 14. Bf1
Qa5 15. a4 Rd8 16. Ba3 Kf8 17. Bxd6+ Kg8 18. Bb4 Rxd1 19. Bxa5 Rxa1 20. Rxa1
Bf5 21. Rc1 Rc8 22. c4 Nd7 23. Bc3 Nc5 24. b4 Nxa4 25. Bxe5 Nb6 26. Bd4 Nd7 27.
f3 h5 28. Kf2 Nb8 29. Be2 Nc6 30. Bc3 Be6 31. f4 g6 32. h3 Ne7 33. Bf6 Nf5 34.
Rd1 Kf8 35. b5 axb5 36. cxb5 Ke8 37. Bf3 b6 38. Bc6+ Kf8 39. Bc3 Ne7 40. Bb4 f6
41. Re1 Kf7 42. Bd7 Rc2+ 43. Kg1 Bxd7 44. Rxe7+ Kg8 45. Rxd7 Rc4 46. Bd2 Rc5
47. Be3 Rxb5 48. Rd6 Kf7 1-0

[Event "48. Torneo Villa de Mislata"]
[Site "Mislata ESP"]
[Date "2014.08.12"]
[Round "3.9"]
[White "Perez Manas, Benjamin"]
[Black "Ferrer Moreno, Jose"]
[Result "1-0"]
[WhiteElo "2290"]
[BlackElo "2135"]
[PlyCount "84"]
[EventDate "2014.08.11"]
[EventType "swiss"]
[EventRounds "9"]
[EventCountry "ESP"]
[Source "lmi"]
[SourceDate "2014.08.11"]

1. d4 d5 2. c4 c6 3. Nf3 Nf6 4. Nc3 dxc4 5. a4 Bf5 6. Ne5 Nbd7 7. Nxc4 Nb6 8.
Ne5 e6 9. f3 Nbd5 10. e4 Nxc3 11. bxc3 Nxe4 12. fxe4 Qh4+ 13. Ke2 Bxe4 14. Be3
Bd6 15. Nf3 Bxf3+ 16. gxf3 e5 17. Qd3 exd4 18. Qxd4 Qxd4 19. Bxd4 O-O 20. Kf2
c5 21. Be3 b6 22. Bb5 Be5 23. Rac1 Rfd8 24. f4 Bf6 25. Rhd1 Kf8 26. c4 Ke7 27.
Ke2 h6 28. Rc2 Rxd1 29. Kxd1 Rd8+ 30. Rd2 Ke6 31. Ke2 g5 32. Rxd8 Bxd8 33. Kf3
f5 34. h3 Bf6 35. Bd2 a5 36. Bc6 Be7 37. Bd5+ Kf6 38. Bc3+ Kg6 39. Be5 Bd8 40.
Be6 h5 41. fxg5 Kxg5 42. h4+ Kxh4 1-0

[Event "48. Torneo Villa de Mislata"]
[Site "Mislata ESP"]
[Date "2014.08.12"]
[Round "3.10"]
[White "Moreto Quintana, Alex"]
[Black "Mingarro Carceller, Sergi"]
[Result "0-1"]
[WhiteElo "2132"]
[BlackElo "2233"]
[PlyCount "76"]
[EventDate "2014.08.11"]
[EventType "swiss"]
[EventRounds "9"]
[EventCountry "ESP"]
[Source "lmi"]
[SourceDate "2014.08.11"]

1. Nf3 f5 2. d3 d6 3. e4 e5 4. Nc3 c5 5. Bg5 Be7 6. Bxe7 Nxe7 7. Nh4 O-O 8.
Nxf5 Nxf5 9. exf5 Bxf5 10. Be2 Nc6 11. Bf3 Qd7 12. O-O Nd4 13. Bd5+ Kh8 14. Ne2
Bg4 15. f3 Nf5 16. Qd2 Ne7 17. Bb3 Be6 18. f4 Ng6 19. fxe5 Nxe5 20. Nf4 Bxb3
21. axb3 Qg4 22. Qe3 Rfe8 23. Nd5 a6 24. h3 Qh5 25. Rf8+ Rxf8 26. Qe4 Qf7 27.
Ne3 Qf2+ 28. Kh1 Qe2 29. Nc4 Qxc2 30. Qxb7 Nxd3 31. Rxa6 Qc1+ 32. Kh2 Qf4+ 33.
Kg1 Qd4+ 34. Kh2 d5 35. Nd6 Qf4+ 36. Kg1 Qf1+ 37. Kh2 Nf4 38. Nf7+ Kg8 0-1